[Event "Troisdorf op"]
[Site "Troisdorf"]
[Date "2005.11.29"]
[Round "6.12"]
[White "Vitz, Hans Joachim"]
[Black "Moehring, Norbert"]
[Result "1/2-1/2"]
[WhiteElo "1786"]
[BlackElo "1946"]
[PlyCount "65"]
[EventDate "2005.10.18"]
[EventType "swiss"]
[EventRounds "7"]
[EventCountry "GER"]
[SourceTitle "EXT 2006"]
[Source "ChessBase"]
[SourceDate "2005.11.24"]
[SourceVersion "1"]
[SourceVersionDate "2005.11.24"]
[SourceQuality "1"]

1. c4 Nf6 2. Nc3 c5 3. g3 g6 4. Bg2 Bg7 5. e4 d6 6. Nge2 0-0 7. 0-0 Nbd7 8. d3 Rb8 9. Rb1 a6 10. b4 cxb4 11. Rxb4 Qa5 12. Rb1 b5 13. cxb5 axb5 14. Bd2 b4 15. Qa4 Qa6 16. Rxb4 Qxd3 17. Rxb8 Nxb8 18. Rd1 Bd7 19. Qb3 Be6 20. Qa4 Bd7 21. Qb3 Nc6 22. Be3 Qa6 23. Nd4 Rb8 24. Qc2 Ng4 25. Nxc6 Qxc6 26. Bd4 Bxd4 27. Rxd4 Rc8 28. Rd3 Ne5 29. Re3 Nc4 30. Rd3 Rb8 31. Nd5 Qa4 32. Rb3 Rxb3 33. Qxb3 1/2-1/2

[Event "Tiefenbach op"]
[Site "Tiefenbach"]
[Date "2005.01.21"]
[Round "9"]
[White "Wempe, Juergen"]
[Black "Moehring, Norbert"]
[Result "1-0"]
[WhiteElo "2191"]
[BlackElo "2130"]
[PlyCount "65"]
[EventDate "2005.01.??"]
[EventType "swiss"]
[EventRounds "9"]
[EventCountry "GER"]
[SourceTitle "EXT 2006"]
[Source "ChessBase"]
[SourceDate "2005.11.24"]
[SourceVersion "1"]
[SourceVersionDate "2005.11.24"]
[SourceQuality "1"]

1. e4 e5 2. Nf3 Nf6 3. Nxe5 d6 4. Nxf7 Kxf7 5. d4 c6 6. Nc3 Be7 7. Bc4+ d5 8. exd5 cxd5 9. Nxd5 Be6 10. Ne3 Bxc4 11. Nxc4 Rf8 12. 0-0 Kg8 13. f4 Nc6 14. c3 Qd7 15. Qe2 Rae8 16. Ne5 Qd5 17. Bd2 Bd6 18. Kh1 Ne4 19. c4 Nxd4 20. Qd3 Qe6 21. Qxe4 Bxe5 22. fxe5 Rxf1+ 23. Rxf1 Qxc4 24. Rc1 Rf8 25. h3 Rf1+ 26. Rxf1 Qxf1+ 27. Kh2 Ne2 28. Qc4+ Kf8 29. Bb4+ Ke8 30. Qe6+ Kd8 31. Be7+ Kc7 32. Qd6+ Kc8 33. Qd8# 1-0

[Event "Tiefenbach op"]
[Site "Tiefenbach"]
[Date "2005.01.15"]
[Round "3"]
[White "Thonig, Manfred"]
[Black "Moehring, Norbert"]
[Result "0-1"]
[WhiteElo "1904"]
[BlackElo "2130"]
[PlyCount "81"]
[EventDate "2005.01.??"]
[EventType "swiss"]
[EventRounds "9"]
[EventCountry "GER"]
[SourceTitle "EXT 2006"]
[Source "ChessBase"]
[SourceDate "2005.11.24"]
[SourceVersion "1"]
[SourceVersionDate "2005.11.24"]
[SourceQuality "1"]

1. f4 e5 2. fxe5 d6 3. exd6 Bxd6 4. Nf3 Bg4 5. e3 Nc6 6. Bb5 Nge7 7. 0-0 a6 8. Bxc6+ Nxc6 9. Qe1 Qe7 10. c3 Ne5 11. Nxe5 Qxe5 12. g3 Bh3 13. d4 Qe4 14. Rf2 0-0-0 15. Nd2 Qg6 16. Nf1 f5 17. e4 fxe4 18. Bf4 Rhf8 19. Qe3 Rd7 20. Bxd6 Rxf2 21. Qxf2 Rxd6 22. Qf8+ Kd7 23. Qf4 Rf6 24. Qe3 Rf3 25. Qe2 Qf7 26. Ne3 b5 27. c4 c6 28. d5 cxd5 29. Rd1 Kc8 30. Nxd5 Qa7+ 31. Kh1 Rf2 32. Ne7+ Kc7 33. Nd5+ Kb8 34. Qe3 Qxe3 35. Nxe3 Rxb2 36. c5 Rxa2 37. Rc1 Rd2 38. c6 Kc7 39. Nd1 Rd6 40. Ne3 Rxc6 41. Rd1 0-1

[Event "Saarlouis op 7th"]
[Site "Saarlouis"]
[Date "2004.05.22"]
[Round "5"]
[White "Moehring, Norbert"]
[Black "Aubertin, Tim"]
[Result "1/2-1/2"]
[WhiteElo "2156"]
[BlackElo "1740"]
[PlyCount "116"]
[EventDate "2004.05.19"]
[EventType "swiss"]
[EventRounds "7"]
[EventCountry "GER"]
[SourceTitle "EXT 2006"]
[Source "ChessBase"]
[SourceDate "2005.11.24"]
[SourceVersion "1"]
[SourceVersionDate "2005.11.24"]
[SourceQuality "1"]

1. b4 e5 2. a3 d5 3. e3 Be6 4. Nf3 Nd7 5. Bb2 Bd6 6. Be2 Qe7 7. Nc3 c6 8. 0-0 h6 9. Na4 Ngf6 10. Rc1 b5 11. Nc5 Bg4 12. h3 Bxf3 13. Bxf3 Nxc5 14. bxc5 Bxc5 15. d4 exd4 16. exd4 Bxa3 17. Re1 Ne4 18. Bxa3 Qxa3 19. Bxe4 dxe4 20. Rxe4+ Kf8 21. Ra1 Qd6 22. Qe2 g6 23. Ra6 Kg7 24. c4 bxc4 25. Qxc4 Rhb8 26. g3 Rb6 27. Rf4 Qd5 28. Qxd5 cxd5 29. Ra5 Rd6 30. Rf3 a6 31. Rc3 Kf6 32. Kg2 Rb8 33. Rca3 Rb4 34. Rxa6 Rxa6 35. Rxa6+ Ke7 36. Ra7+ Kf8 37. Ra8+ Kg7 38. Rd8 Rxd4 39. Kf3 Kf6 40. Ke3 Rd1 41. Ke2 Ke7 42. Rh8 Ra1 43. Rxh6 Ke6 44. Rh8 Ke5 45. Rf8 Ra2+ 46. Ke1 f5 47. Rg8 Ra6 48. Re8+ Kd4 49. h4 Kd3 50. Re3+ Kc2 51. Re2+ Kc1 52. Re5 Rd6 53. f3 Kc2 54. Ke2 Kc3 55. Re3+ Kc4 56. Kd2 d4 57. Re8 Rc6 58. Rd8 Ra6 1/2-1/2

[Event "Saarlouis op 7th"]
[Site "Saarlouis"]
[Date "2004.05.20"]
[Round "3"]
[White "Moehring, Norbert"]
[Black "Huettemann, Ralf"]
[Result "0-1"]
[WhiteElo "2156"]
[BlackElo "1849"]
[PlyCount "91"]
[EventDate "2004.05.19"]
[EventType "swiss"]
[EventRounds "7"]
[EventCountry "GER"]
[SourceTitle "EXT 2006"]
[Source "ChessBase"]
[SourceDate "2005.11.24"]
[SourceVersion "1"]
[SourceVersionDate "2005.11.24"]
[SourceQuality "1"]

1. b4 d5 2. Bb2 Bf5 3. e3 Nf6 4. Nf3 e6 5. b5 Bb4 6. c4 Qe7 7. Qa4 Nbd7 8. cxd5 Nc5 9. Qd1 exd5 10. Be2 Nd3+ 11. Bxd3 Bxd3 12. Qa4 Qe4 13. Bd4 Bd6 14. Nc3 Qg6 15. Ne5 Bxe5 16. Bxe5 0-0 17. Qd4 c5 18. bxc6 bxc6 19. Bxf6 gxf6 20. Ne2 Bc4 21. Nf4 Qf5 22. d3 Ba6 23. 0-0 Qe5 24. Qc5 Rfc8 25. Rfc1 Qf5 26. Qa3 Bb5 27. Rab1 Rab8 28. Qc3 a5 29. h3 a4 30. g4 Qe5 31. Nh5 Qxc3 32. Rxc3 d4 33. Nxf6+ Kg7 34. Nh5+ Kf8 35. exd4 Rd8 36. Ng3 Rxd4 37. Nf5 Rdd8 38. Rb4 Rb7 39. Nd4 Rd5 40. a3 Rbd7 41. Nxb5 cxb5 42. Rc8+ Kg7 43. Ra8 Rxd3 44. Rxb5 Rxa3 45. Rg5+ Kf6 46. Ra6+ 0-1

[Event "Alpenpokal op 30th"]
[Site "Tiefenbach"]
[Date "2004.??.??"]
[Round "5"]
[White "Angerer, Martin"]
[Black "Moehring, Norbert"]
[Result "1-0"]
[WhiteElo "1930"]
[BlackElo "1812"]
[PlyCount "51"]
[EventDate "2004.01.08"]
[EventType "swiss"]
[EventRounds "9"]
[EventCountry "GER"]
[SourceTitle "EXT 2006"]
[Source "ChessBase"]
[SourceDate "2005.11.24"]
[SourceVersion "1"]
[SourceVersionDate "2005.11.24"]
[SourceQuality "1"]

1. e4 e5 2. Nf3 Nf6 3. Nxe5 d6 4. Nf3 Nxe4 5. d4 d5 6. Bd3 Bf5 7. 0-0 Nc6 8. Re1 Be7 9. c4 Nb4 10. cxd5 Nxd3 11. Qxd3 Qxd5 12. Nc3 Nxc3 13. Qxc3 Be6 14. Bf4 c6 15. Re5 Qd8 16. Ng5 Bxg5 17. Rxg5 g6 18. d5 0-0 19. dxe6 fxe6 20. Qe5 Qd7 21. h4 Qf7 22. Be3 h6 23. Bd4 Kh7 24. Rg3 Rfd8 25. h5 g5 26. Rf3 1-0

[Event "Alpenpokal op 30th"]
[Site "Tiefenbach"]
[Date "2004.??.??"]
[Round "3"]
[White "Meyer, Gerd1"]
[Black "Moehring, Norbert"]
[Result "1-0"]
[WhiteElo "1982"]
[BlackElo "1812"]
[PlyCount "39"]
[EventDate "2004.01.08"]
[EventType "swiss"]
[EventRounds "9"]
[EventCountry "GER"]
[SourceTitle "EXT 2006"]
[Source "ChessBase"]
[SourceDate "2005.11.24"]
[SourceVersion "1"]
[SourceVersionDate "2005.11.24"]
[SourceQuality "1"]

1. e4 e5 2. f4 d5 3. Nf3 Bc5 4. Nxe5 dxe4 5. Bc4 Qd4 6. Bxf7+ Ke7 7. Qe2 Nh6 8. Bb3 Rf8 9. c3 Qxe5 10. fxe5 Bg4 11. d4 exd3 12. Bg5+ Ke8 13. Qxd3 Bf2+ 14. Kd2 Nc6 15. e6 Bd4 16. cxd4 Rf2+ 17. Kc3 Be2 18. Qxh7 b5 19. Qh8+ Rf8 20. Qxg7 1-0

[Event "Bad Woerishofen op 19th"]
[Site "Bad Woerishofen"]
[Date "2003.03.18"]
[Round "6"]
[White "Moehring, Norbert"]
[Black "Mader, Sascha"]
[Result "0-1"]
[WhiteElo "2166"]
[BlackElo "1900"]
[PlyCount "22"]
[EventDate "2003.03.13"]
[EventType "swiss"]
[EventRounds "9"]
[EventCountry "GER"]
[SourceTitle "CBM 093 Extra"]
[Source "ChessBase"]
[SourceDate "2003.05.09"]
[SourceVersion "1"]
[SourceVersionDate "2003.05.09"]
[SourceQuality "1"]

1. b4 d5 2. Bb2 Nd7 3. e3 e5 4. b5 Ngf6 5. c4 Bd6 6. Qc2 0-0 7. Nf3 Re8 8. cxd5 Nxd5 9. Bc4 N7b6 10. Be2 Nb4 11. Qe4 f5 0-1

[Event "Alpenpokal op 29th"]
[Site "Oberstdorf"]
[Date "2003.??.??"]
[Round "6"]
[White "Pragua, Christoph P"]
[Black "Moehring, Norbert"]
[Result "1/2-1/2"]
[WhiteElo "2433"]
[BlackElo "2166"]
[PlyCount "29"]
[EventDate "2003.01.??"]
[EventType "swiss"]
[EventRounds "9"]
[EventCountry "GER"]
[SourceTitle "EXT 2004"]
[Source "ChessBase"]
[SourceDate "2003.11.25"]
[SourceVersion "1"]
[SourceVersionDate "2003.11.25"]
[SourceQuality "1"]

1. d4 Nf6 2. Bg5 e6 3. e4 h6 4. Bxf6 Qxf6 5. Nf3 c5 6. c3 cxd4 7. cxd4 Bb4+ 8. Nc3 0-0 9. Rc1 b6 10. Bd3 Nc6 11. e5 Qe7 12. 0-0 Bxc3 13. Rxc3 Bb7 14. a3 Rac8 15. Qe2 1/2-1/2

[Event "Bad Woerishofen op 17th"]
[Site "Bad Woerishofen"]
[Date "2001.??.??"]
[Round "4"]
[White "Moehring, Norbert"]
[Black "Joachim, Klaus"]
[Result "0-1"]
[WhiteElo "1905"]
[BlackElo "1600"]
[PlyCount "66"]
[EventDate "2001.03.15"]
[EventType "swiss"]
[EventRounds "9"]
[EventCountry "GER"]
[SourceTitle "CBM 081 Extra"]
[Source "ChessBase"]
[SourceDate "2001.05.06"]
[SourceVersion "1"]
[SourceVersionDate "2001.05.06"]
[SourceQuality "1"]

1. b4 Nf6 2. Bb2 b6 3. Nf3 Bb7 4. e3 d6 5. c4 c5 6. b5 Nbd7 7. Be2 g6 8. 0-0 Bg7 9. Nc3 0-0 10. Qc2 Qc7 11. a4 Rfd8 12. Ra2 Ng4 13. h3 Nge5 14. Nxe5 dxe5 15. Rfa1 Nf6 16. a5 Qd6 17. d4 exd4 18. exd4 cxd4 19. Rd1 e5 20. a6 Bc8 21. Bf3 Bf5 22. Qe2 Rac8 23. Bb7 Rc7 24. g4 Be6 25. Bc6 Rcc8 26. Ba3 Qc7 27. Na4 Bd7 28. Bb7 Qxc4 29. Bxc8 Qxe2 30. Rxe2 Bxb5 31. Red2 Bxa4 32. Rc1 Bh6 33. Rdc2 Bxc1 0-1

[Event "Bad Woerishofen op 17th"]
[Site "Bad Woerishofen"]
[Date "2001.??.??"]
[Round "8"]
[White "Schaffarth, Peter"]
[Black "Moehring, Norbert"]
[Result "1-0"]
[WhiteElo "2141"]
[BlackElo "1905"]
[PlyCount "135"]
[EventDate "2001.03.15"]
[EventType "swiss"]
[EventRounds "9"]
[EventCountry "GER"]
[SourceTitle "CBM 081 Extra"]
[Source "ChessBase"]
[SourceDate "2001.05.06"]
[SourceVersion "1"]
[SourceVersionDate "2001.05.06"]
[SourceQuality "1"]

1. e4 e5 2. Nc3 Nf6 3. Bc4 Bb4 4. Qf3 c6 5. Nge2 0-0 6. 0-0 d5 7. exd5 Bg4 8. Qg3 Bxe2 9. Nxe2 cxd5 10. Bb3 Ne4 11. Qxe5 Nc6 12. Qxd5 Nxd2 13. Bxd2 Bxd2 14. Rad1 Ba5 15. Qxd8 Raxd8 16. Nf4 Nd4 17. Rd3 Rfe8 18. Rfd1 Nxb3 19. Rxd8 Rxd8 20. Rxd8+ Bxd8 21. axb3 f5 22. Nd3 Kf7 23. Kf1 Be7 24. b4 Ke6 25. c4 b6 26. Ke2 g5 27. b5 h5 28. Ke3 Bd6 29. h3 Bc5+ 30. Kf3 Bd4 31. g3 Bg7 32. Ke3 h4 33. gxh4 gxh4 34. b3 Bf8 35. Nf4+ Kf6 36. Nd5+ Ke6 37. Nf4+ Kf6 38. Ng2 Bc5+ 39. Kf3 Kg5 40. Ke2 Bd6 41. Kd3 Be5 42. f3 Bg3 43. Kd4 Kf6 44. Kd5 Ke7 45. Ne3 Kf6 46. Ng2 Ke7 47. b4 Kd7 48. c5 bxc5 49. bxc5 Kc7 50. Ne3 f4 51. Nc4 Bf2 52. Ne5 Kb7 53. Ng6 Bg3 54. Kd6 Bf2 55. Nxf4 Bg3 56. Ke5 a5 57. bxa6+ Kxa6 58. Ke4 Kb5 59. Nd3 Kc6 60. f4 Kd7 61. Kd5 Kd8 62. Kd6 Kc8 63. Ke6 Kd8 64. f5 Ke8 65. f6 Bc7 66. c6 Kf8 67. Ne5 Bd8 68. Nd7+ 1-0